Citizen Journalism / (Record no. 145598)

MARC details
000 -LEADER
fixed length control field 00534nam a22001817a 4500
010 ## - LCCN (DPL NO)
LC control number ENG-120736
020 ## - INTERNATIONAL STANDARD BOOK NUMBER
International Standard Book Number 9788188632511
Terms of availability 495.00
035 ## - SYSTEM CONTROL NUMBER
System control number EN-104268
037 ## - SOURCE OF ACQUISITION
Source of stock number/acquisition DBAD/PUB
082 ## - DEWEY DECIMAL CLASSIFICATION NUMBER
Classification number 070.4
100 ## - MAIN ENTRY--PERSONAL NAME
Personal name Dibyanshu Kumar
245 ## - TITLE STATEMENT
Title Citizen Journalism /
Statement of responsibility, etc by Dibyanshu Kumar
260 ## - PUBLICATION, DISTRIBUTION, ETC. (IMPRINT)
Place of publication, distribution, etc Delhi
Name of publisher, distributor, etc Pushpanjali Prakashan
Date of publication, distribution, etc 2012
270 ## - ADDRESS
Address L-46, Street No. 5, Shivaji Marg, Kartar Nagar,
City Delhi
Postal code 110032
300 ## - PHYSICAL DESCRIPTION
Extent 248p.
Other physical details 21cm(Hb).
500 ## - GENERAL NOTE
General note Include index
942 ## - ADDED ENTRY ELEMENTS (KOHA)
Source of classification or shelving scheme Dewey Decimal Classification
Item type English Books
Classification part 070.4
Call number suffix DIB
Holdings
Withdrawn status Lost status Not for loan Collection code Home library Current library Date acquired Source of acquisition Cost, normal purchase price Full call number Barcode Copy number Cost, replacement price Koha item type
    Not For Loan Non-fiction D.B.Act.Division Bawana 27/09/2017 DBAD/PUB 495.00 070.4 DIB EN-104268 1 495.00 English Books

© Delhi Public Library
Hit Counter
free hit counter